African Countries by Shape - Sudden Death - Statistics

General Stats
  • This quiz has been taken 75 times
  • The average score is 13 of 21
Answers on the Grid
Answers color-coded by a green-red scale on the quiz's grid according to % correct below.
 
Answer Stats
Answer % Correct
Namibia
90%
Algeria
90%
Egypt
86%
Somalia
81%
South Africa
81%
Angola
81%
Benin
79%
Zambia
74%
Chad
69%
Cameroon
67%
Mauritania
67%
Equatorial Guinea
62%
Guinea
60%
Rep. of the Congo
55%
Liberia
52%
Cape Verde
50%
Ivory Coast
50%
Uganda
48%
Burundi
40%
São Tomé and Príncipe
38%
Lesotho
29%
No matching quizzes found
Score Distribution
Percent of People with Each Score
Percentile by Number Answered
Your Score History
You have not taken this quiz